00571nam a2200205 a 4500001001300000003000900013005001700022008004100039020002300080082001300103100002200116245005100138260005700189300000900246500003500255505001700290650001700307650001900324700002200343nice12345678IN_TiNIC20260116014928.0050524s1983 nota grp 000 0 eng  a0268546 c10000a241bHAU aHauerwas, Stanley aPeaceable Kingdomb Primer in Christian Ethics aNotre Dame inbUniversity of Notre Dame Press c1983 a179p aincludes index and biblioraphy2 aNotes, Index aPeace-Making aTheology-Moral1 aHauerwas, Stanley